| 000 | 00381nam a2200121Ia 4500 | ||
|---|---|---|---|
| 008 | 160523s9999 xx 000 0 und d | ||
| 100 | _aTurri, John. | ||
| 245 | _aKnowledge and the Norm of Assertion: An Essay in Philosophical Science | ||
| 245 | _cJohn Turri. | ||
| 260 | _c2016 | ||
| 650 | _xPsychology. | ||
| 856 | _uhttp://www.openbookpublishers.com/reader/397#page/20/mode/2up | ||
| 999 |
_c294773 _d294773 |
||